000
00316nam a22001337a 4500
020
_a
978-1-4072-4542-3
082
_a
823
_b
SIM/J
100
_a
FRANCESCA SIMON
245
_a
JOGGER'S BIG ADVENTURE
260
_a
UNITED KINGDOM
_b
ORION
_c
2012
300
_a
60
650
_a
CHILDRENS STORY BOOK
_z
UNITED KINGDOM
942
_c
BK
999
_c
59
_d
59